00265nam a2200109Ia 4500008004100000245004000041260002200081440000600103521002200109942000700131999001700138140130s9999 xx 000 0 und d cLucy BakeraLife In The Rainforests bScholastic,c1990 v1 aGrade 5 - Grade 8 cBK c41320d41320